000 00367nam a2200145 i 4500
001 bg
100 1 _aPAROL, Adolf
245 0 _aLaboratorium obróbki elektroerozyjnej /
_cAdolf Parol, Kazimierz Zaleski.
260 _aLublin,
_c1977.
700 1 _aZALESKI, Kazimierz
040 _cBPK
041 _apol
942 _cKS
008 s pl f |000 0 pol
999 _c27738
_d27738
856 _uhttp://koha.tu.koszalin.pl/cgi-bin/koha/opac-detail.pl?biblionumber=27738
_yKatalog online BPK